Thermodynamics and heat transfer in fire fighting / (Record no. 11881)
[ view plain ]
| 000 -LEADER | |
|---|---|
| fixed length control field | 01124cam a2200289 a 4500 |
| 001 - CONTROL NUMBER | |
| control field | 1458673 |
| 003 - CONTROL NUMBER IDENTIFIER | |
| control field | OSt |
| 005 - DATE AND TIME OF LATEST TRANSACTION | |
| control field | 19870511000000.0 |
| 008 - FIXED-LENGTH DATA ELEMENTS--GENERAL INFORMATION | |
| fixed length control field | 860514s1985 ii a b 000 0 eng |
| 010 ## - LIBRARY OF CONGRESS CONTROL NUMBER | |
| LC control number | 85904744 |
| 020 ## - INTERNATIONAL STANDARD BOOK NUMBER | |
| Terms of availability | Rs142.50 |
| 040 ## - CATALOGING SOURCE | |
| Original cataloging agency | DLC |
| Transcribing agency | DLC |
| Modifying agency | DLC |
| 050 00 - LIBRARY OF CONGRESS CALL NUMBER | |
| Classification number | TH9310.5 |
| Item number | .R6613 1985 |
| 082 00 - DEWEY DECIMAL CLASSIFICATION NUMBER | |
| Classification number | 628.922 |
| Edition number | 22 |
| Item number | ROM |
| 100 1# - MAIN ENTRY--PERSONAL NAME | |
| Personal name | Romanenko, P. N. |
| Fuller form of name | (Pavel Nikanorovich) |
| 9 (RLIN) | 6374 |
| 240 10 - UNIFORM TITLE | |
| Uniform title | <a href="Termodinamika i teplodacha v pozharnom dele.">Termodinamika i teplodacha v pozharnom dele.</a> |
| Language of a work | English |
| 245 10 - TITLE STATEMENT | |
| Title | Thermodynamics and heat transfer in fire fighting / |
| Statement of responsibility, etc | P.N. Romanenko, Yu A. Koshmarov, M.P. Bashkirtsev. |
| 260 ## - PUBLICATION, DISTRIBUTION, ETC. (IMPRINT) | |
| Place of publication, distribution, etc | New Delhi : |
| Name of publisher, distributor, etc | Oxonian Press, |
| Date of publication, distribution, etc | 1985. |
| 300 ## - PHYSICAL DESCRIPTION | |
| Extent | xxiii, 460 p. : |
| Other physical details | ill. ; |
| Dimensions | 25 cm. |
| 500 ## - GENERAL NOTE | |
| General note | Translation of: Termodinamika i teplodacha v pozharnom dele. |
| 504 ## - BIBLIOGRAPHY, ETC. NOTE | |
| Bibliography, etc | Bibliography: p. [457]-460. |
| 650 #0 - SUBJECT ADDED ENTRY--TOPICAL TERM | |
| Topical term or geographic name as entry element | Fire extinction. |
| 9 (RLIN) | 6375 |
| 650 #0 - SUBJECT ADDED ENTRY--TOPICAL TERM | |
| Topical term or geographic name as entry element | Thermodynamics. |
| 9 (RLIN) | 6376 |
| 650 #0 - SUBJECT ADDED ENTRY--TOPICAL TERM | |
| Topical term or geographic name as entry element | Heat |
| General subdivision | Transmission. |
| 9 (RLIN) | 6377 |
| 942 ## - ADDED ENTRY ELEMENTS (KOHA) | |
| Source of classification or shelving scheme | Dewey Decimal Classification |
| Item type | Book - Borrowing |
| Withdrawn status | Item status | Source of classification or shelving scheme | Damaged status | Not for loan | Vendor | Home library | Current library | Shelving location | Date acquired | Source of acquisition | Cost, normal purchase price | Total Checkouts | Full call number | Barcode | Date last seen | Cost, replacement price | Koha item type |
|---|---|---|---|---|---|---|---|---|---|---|---|---|---|---|---|---|---|
| Dewey Decimal Classification | Alef-Baa | Central Library | Central Library | First floor | 21/06/2009 | 150.00 | 628.922 ROM | 000017072 | 15/07/2025 | 150.00 | Book - Borrowing |